[Event "London Classic Open 2019"]
[Site "London ENG"]
[Date "2019.12.05"]
[Round "8.40"]
[White "Marzano, Carlo"]
[Black "Millward, Kevin P"]
[Result "0-1"]
[WhiteElo "2128"]
[BlackElo "1967"]
[WhiteFideId "802980"]
[BlackFideId "404721"]
[EventDate "2019.11.29"]

1. d4 d6 2. Nf3 g6 3. c4 Bg7 4. Nc3 Nc6 5. d5 Nb8 6. e4 e5 7. Be2 Ne7 8. h4 h6
9. h5 g5 10. Be3 f5 11. exf5 Nxf5 12. Ne4 Nxe3 13. fxe3 Nd7 14. Nfd2 O-O 15. Bg4
Nf6 16. Bxc8 Rxc8 17. O-O Qd7 18. Nxf6+ Bxf6 19. Ne4 Bg7 20. Qe2 Rxf1+ 21. Rxf1
Rf8 22. Rxf8+ Kxf8 23. Qf3+ Ke7 24. b3 c5 25. Kh2 a6 26. Kg3 b5 27. Qg4 bxc4 28.
bxc4 Bf8 29. Qf3 Bg7 30. Nc3 Kd8 31. Qe4 Qf7 32. Qf3 Qd7 33. Ne4 Ke7 34. Qf1 Qe8
35. Kg4 Qa4 36. Qe2 a5 37. Kh3 Bf8 38. Ng3 Kd8 39. Nf5 Qb4 40. Qf1 Qc3 41. Ng3
Be7 42. Qe2 a4 43. Kg4 a3 44. Kf5 Qb2 45. Ke4 Qb1+ 46. Kf3 Bf6 47. Qd2 Qb4 48.
Qc2 Be7 49. Ne4 Qe1 50. Nf2 Qb4 51. g4 Qb2 52. Qe2 Qb1 53. Qd2 Ke8 54. e4 Bd8
55. Ke3 Bb6 56. Ke2 Kd7 57. Nd3 Qh1 58. Nf2 Qb1 59. Kf3 Qb4 60. Qe2 Ba5 61. Nh1
Qc3+ 62. Kg2 Qd4 63. Ng3 Qb2 64. Kf1 Qb1+ 65. Kf2 Bc3 66. Qf3 Qxa2+ 67. Ne2 Bd4+
68. Kg3 Kc7 69. Qf7+ Kb6 70. Qd7 Qxc4 71. Qxd6+ Ka5 72. Nxd4 Qxd4 73. Qc7+ Kb4
74. Qb6+ Kc3 75. Qa5+ Qb4 76. Qxb4+ cxb4 77. d6 a2 78. d7 a1=Q 79. d8=Q Qg1+ 80.
Kf3 Qh1+ 81. Ke3 Qh3+ 82. Kf2 Qh2+ 83. Ke1 Qg1+ 84. Ke2 Qxg4+ 85. Kf2 Qf4+ 86.
Kg1 Qg3+ 87. Kh1 Qe1+ 88. Kh2 Qd2+ 0-1

[Event "London Classic Open 2019"]
[Site "London ENG"]
[Date "2019.12.05"]
[Round "8.46"]
[White "Davis, Holden"]
[Black "Osborne, Marcus E"]
[Result "1/2-1/2"]
[WhiteElo "1840"]
[BlackElo "2166"]
[WhiteFideId "440019"]
[BlackFideId "404608"]
[EventDate "2019.11.29"]

1. e4 c5 2. d4 cxd4 3. c3 Nf6 4. e5 Nd5 5. Nf3 Nc6 6. Bc4 Nb6 7. Bb3 d5 8. exd6
Qxd6 9. O-O Be6 10. Na3 dxc3 11. Nb5 Qxd1 12. Rxd1 Rc8 13. Bxe6 fxe6 14. Nxc3 g6
15. Ng5 Nd8 16. Bf4 Bg7 17. Nb5 Nd5 18. Bg3 Rc5 19. Nd4 Bxd4 20. Rxd4 O-O 21.
Rad1 Rf5 22. Nf3 Nc6 23. Re4 Rc2 24. Rd2 Rxd2 25. Nxd2 Kf7 26. Nf3 Ndb4 27. a3
Nd3 28. Re3 Nxb2 29. Rb3 Nc4 30. Rxb7 Ra5 31. h4 Rxa3 32. Ng5+ Kg7 33. Rc7 Ra6
34. Nxe6+ Kf6 35. Nc5 Ra1+ 36. Kh2 N6e5 37. Ne4+ Kf5 38. Bxe5 Nxe5 39. f3 a5 40.
Rxe7 h6 41. Kg3 Ra2 42. Ra7 Nc4 43. Rf7+ Ke5 44. Re7+ Kd4 45. Rd7+ Ke3 46. Nc3
Rd2 47. Nd1+ Ke2 48. Nc3+ Kf1 49. Rxd2 Nxd2 50. f4 h5 51. f5 gxf5 52. Kf4 Ne4
53. Na4 Nd6 54. g3 Kf2 55. Nc5 Ne4 56. Nd3+ Ke2 57. Nb2 Nd6 58. Na4 Kd3 59. Ke5
Ne4 60. Kxf5 Nxg3+ 61. Kg5 Ke4 62. Nc3+ Kd4 63. Na4 Ke5 64. Nb2 Kd4 65. Kf4 Ne4
66. Na4 Nc5 67. Nb6 Ne6+ 68. Kf5 Kc5 69. Na4+ Kd6 70. Nc3 Ke7 71. Kg6 Nf4+ 72.
Kg5 Ng2 73. Kxh5 Kd6 74. Kg4 Nxh4 75. Kxh4 Kc5 76. Kg4 Kc4 77. Na4 Kb4 78. Nb6
Kc5 79. Na4+ Kb5 80. Nb2 Kb4 81. Nd3+ Kc3 82. Nc5 Kb4 83. Nd3+ Kc3 84. Nc5 Kb4
85. Nd3+ 1/2-1/2

[Event "London Classic Open 2019"]
[Site "London ENG"]
[Date "2019.12.05"]
[Round "8.47"]
[White "Finn, Peter"]
[Black "Grigoryan, Meri"]
[Result "1/2-1/2"]
[BlackTitle "WFM"]
[WhiteElo "1895"]
[BlackElo "2050"]
[WhiteFideId "432156"]
[BlackFideId "13300571"]
[EventDate "2019.11.29"]

1. e4 e5 2. Nf3 Nc6 3. Bc4 Bc5 4. c3 Nf6 5. d3 O-O 6. O-O d5 7. Bb5 dxe4 8. Bxc6
exf3 9. Bxf3 Bf5 10. Re1 e4 11. dxe4 Nxe4 12. Be3 Qxd1 13. Bxd1 Rad8 14. Na3
Bxa3 15. bxa3 Nxc3 16. Bf3 Nd5 17. Bc5 c6 18. Bxf8 Kxf8 19. Rad1 Be6 20. Rd4 Rc8
21. h3 Rd8 22. Red1 Ke7 23. Kh2 Kd6 24. Kg3 Kc5 25. Rb4 Rd7 26. Rc1+ Kd6 27. Ra4
b6 28. Rh4 h6 29. Rhc4 Rc7 30. R4c2 Bf5 31. Re2 Be6 32. Bxd5 Bxd5 33. Re8 Bxa2
34. Rd1+ Bd5 35. Kf4 b5 36. g4 Kd7 37. Rg8 Ke7 38. Rxg7 Kf6 39. Rg8 Re7 40. f3
a5 41. h4 Re2 42. Rd3 Rh2 43. Kg3 Rh1 44. Re3 Be6 45. Ra8 a4 46. Rg8 Rb1 47. f4
Rg1+ 48. Kf2 Rh1 49. h5 Bd5 50. Kg3 Rg1+ 51. Kh4 Rh1+ 52. Rh3 Rf1 53. Kg3 Rf3+
54. Kh2 Rxf4 55. g5+ hxg5 56. h6 Be4 57. h7 Bxh7 58. Rxh7 Rf2+ 59. Kg1 Rf3 60.
Rh6+ Kf5 61. Rxc6 Kg4 62. Rc2 Rxa3 63. Rg2+ Kf4 64. R8xg5 f5 65. Rh5 Ra1+ 66.
Kh2 Ke4 67. Rb2 a3 68. Rb4+ Ke3 69. Rxf5 a2 70. Rb3+ Ke4 71. Rfxb5 Rh1+ 72. Kxh1
a1=Q+ 73. Kg2 Qa2+ 74. Kg3 Qa7 75. Rb7 Qg1+ 76. Kh4 Qh1+ 77. Kg5 Qc1+ 78. Kf6
Qh6+ 79. Ke7 Qg7+ 80. Kd8 Qf8+ 1/2-1/2

[Event "London Classic Open 2019"]
[Site "London ENG"]
[Date "2019.12.05"]
[Round "8.51"]
[White "Nilssen, Ellen Fredericia"]
[Black "Saidmurodov, Shahjahon"]
[Result "0-1"]
[WhiteTitle "WFM"]
[WhiteElo "2004"]
[BlackElo "1782"]
[WhiteFideId "1441230"]
[BlackFideId "448150"]
[EventDate "2019.11.29"]

1. d4 d6 2. Nf3 c6 3. c4 Bg4 4. Nc3 Qc7 5. e4 Nd7 6. Be2 e5 7. d5 Ngf6 8. Be3
Be7 9. O-O h6 10. Nd2 Bxe2 11. Qxe2 g5 12. b4 O-O 13. h4 cxd5 14. hxg5 hxg5 15.
Bxg5 d4 16. Nb5 Qd8 17. Bh6 Re8 18. f4 Bf8 19. Bxf8 Nxf8 20. Qf3 N8h7 21. g4 a6
22. fxe5 Rxe5 23. Nxd4 Qb6 24. Nb3 Rxe4 25. g5 Rxd4 26. Nxd4 Qxd4+ 27. Kg2 Nxg5
28. Qxf6 Qg4+ 29. Kh2 Re8 30. Rf2 Qh4+ 31. Kg2 Re3 32. Qd8+ Kg7 33. Rxf7+ Kxf7
34. Rf1+ Kg7 35. Qf8+ Kg6 36. Rf6+ Kh7 37. Rf7+ Nxf7 38. Qxf7+ Kh6 39. Qf8+ Kg5
40. Qg7+ Kf5 41. Qf7+ Qf6 42. Qd5+ Re5 0-1

[Event "London Classic Open 2019"]
[Site "London ENG"]
[Date "2019.12.05"]
[Round "8.53"]
[White "Karamazondo, Ernest"]
[Black "Gaier, Walter"]
[Result "1/2-1/2"]
[WhiteElo "1972"]
[BlackElo "1750"]
[WhiteFideId "447340"]
[BlackFideId "1310186"]
[EventDate "2019.11.29"]

1. e4 c5 2. d4 cxd4 3. c3 d5 4. exd5 Qxd5 5. cxd4 e6 6. Nc3 Qd8 7. Nf3 Nf6 8.
Bd3 Nc6 9. O-O h6 10. a3 Bd6 11. b4 Bd7 12. Bb2 Ne7 13. Ne5 a6 14. Rc1 Ned5 15.
Ne4 Nxe4 16. Bxe4 Bxe5 17. dxe5 Bc6 18. Qb3 O-O 19. g3 Qe7 20. Rcd1 Nxb4 21. Bb1
Nd5 22. Qc2 g6 23. Bc1 Kg7 24. Rd4 Rh8 25. Rh4 Rac8 26. Qd2 Rh7 27. Rxh6 Rch8
28. Rxh7+ Rxh7 29. h4 Rh8 30. Re1 Qc5 31. Be4 Qc3 32. Qe2 Bb5 33. Qd1 Ba4 34.
Qd2 Qxd2 35. Bxd2 Bc6 36. Bg5 Rc8 37. Rc1 Bd7 38. Rxc8 Bxc8 39. g4 b5 40. h5 Nb6
41. h6+ Kh7 42. Bc1 Nc4 43. f4 Kxh6 44. Bc6 Kg7 45. g5 Kf8 46. Kf2 Ke7 47. Ke2
Na5 48. Be4 Bb7 49. Bd2 Bxe4 50. Bxa5 Kd7 51. Ke3 Bg2 52. Kd4 Kc6 53. Bd8 1/2-1/2

[Event "London Classic Open 2019"]
[Site "London ENG"]
[Date "2019.12.05"]
[Round "8.55"]
[White "Varsha Ramesh"]
[Black "Jacobs, Robert"]
[Result "1-0"]
[WhiteElo "1669"]
[BlackElo "1935"]
[WhiteFideId "45010900"]
[BlackFideId "450049"]
[EventDate "2019.11.29"]

1. e4 c5 2. Nf3 g6 3. d4 Bg7 4. Nc3 cxd4 5. Nxd4 Nc6 6. Be3 Nf6 7. Be2 O-O 8.
Qd2 d5 9. Nxc6 bxc6 10. O-O-O Qa5 11. Kb1 Rb8 12. b3 Ng4 13. Nxd5 Qa3 14. Nc3
Nxe3 15. Qxe3 Be6 16. e5 Qa5 17. f4 c5 18. Nd5 Bxd5 19. Rxd5 Rfc8 20. Bc4 Rb4
21. Qd2 e6 22. Rd7 Rcb8 23. Rd1 Bh6 24. g3 R8b6 25. Rd8+ Kg7 26. Qd7 Bxf4 27.
gxf4 Rxc4 28. Qe7 Kh6 29. Qg5+ Kg7 30. Qf6+ Kh6 31. R8d3 1-0

[Event "London Classic Open 2019"]
[Site "London ENG"]
[Date "2019.12.05"]
[Round "8.56"]
[White "Patel, Rishi"]
[Black "Burke, John S"]
[Result "1-0"]
[WhiteElo "1891"]
[BlackElo "1966"]
[WhiteFideId "442801"]
[BlackFideId "404322"]
[EventDate "2019.11.29"]

1. e4 d5 2. exd5 Qxd5 3. Nc3 Qd8 4. d4 Bf5 5. Nf3 c6 6. Bc4 e6 7. Ne5 Nd7 8. Bf4
Ngf6 9. Qe2 Bb4 10. O-O Nb6 11. Bb3 Qxd4 12. Qf3 Bxc3 13. bxc3 Qe4 14. Qxe4 Nxe4
15. Rfe1 h5 16. c4 O-O 17. Be3 Rfd8 18. f3 Nd2 19. g4 hxg4 20. fxg4 Bh7 21. Rad1
Nxb3 22. cxb3 Bc2 23. Rc1 Bh7 24. Rcd1 f6 25. Nf3 e5 26. Bc5 Nd7 27. Be7 Kf7 28.
Bxd8 Rxd8 29. Rd6 Ke7 30. Red1 Be4 31. Nh4 g6 32. R6d2 a6 33. Kf2 c5 34. Ke3 Bc6
35. Nxg6+ Kf7 36. Nh4 Rh8 37. Nf5 Rh3+ 38. Ng3 Nf8 39. Rf2 Ne6 40. Kd2 Nd4 41.
Rdf1 Ke7 42. Rxf6 Rxh2+ 43. R1f2 Rh3 44. Rf7+ Ke8 45. Rf8+ Ke7 46. R2f7+ Kd6 47.
Rf6+ Ke7 48. R6f7+ Ke6 49. Nh5 Rh2+ 50. Rf2 Rxf2+ 51. Rxf2 Bf3 52. Ng7+ Kf6 53.
Nf5 e4 54. Ke3 Nxf5+ 55. gxf5 Kxf5 56. Rd2 Ke6 57. Rd8 Ke7 58. Rb8 Kd7 59. Rxb7+
Kc6 60. Re7 Kb6 61. Rxe4 Bxe4 62. Kxe4 Ka5 63. a3 Kb6 64. Kd5 Ka5 65. Kd6 Kb6
66. b4 1-0

[Event "London Classic Open 2019"]
[Site "London ENG"]
[Date "2019.12.05"]
[Round "8.58"]
[White "Lovell, William Pm"]
[Black "Mata, Adilson"]
[Result "1/2-1/2"]
[WhiteElo "1843"]
[BlackElo "1928"]
[WhiteFideId "431060"]
[BlackFideId "1901389"]
[EventDate "2019.11.29"]

1. c4 Nf6 2. g3 e6 3. Nf3 d5 4. b3 c5 5. Bg2 Nc6 6. Bb2 d4 7. O-O Be7 8. d3 O-O
9. e3 e5 10. exd4 exd4 11. Re1 Bg4 12. h3 Bf5 13. Ne5 Nxe5 14. Rxe5 Bc8 15. Nd2
Qc7 16. Re1 Bf5 17. Qf3 Bc8 18. Re2 Rb8 19. Rae1 Bd6 20. Ne4 Nxe4 21. Qxe4 Bd7
22. Bc1 Kh8 23. Qh4 f5 24. Bg5 f4 25. Be4 Bf5 26. Bxf5 Rxf5 27. Re8+ Rf8 28.
Rxf8+ Rxf8 29. Bxf4 Bxf4 30. Qxf4 Qc8 31. Qd6 Qf5 32. Re2 h6 33. Qe7 b6 34. f4
Rf7 35. Qe6 Qxd3 36. Qxf7 Qxe2 37. Qf8+ Kh7 38. Qf5+ Kg8 39. Qc8+ Kf7 40. Qd7+
Qe7 41. Qxe7+ Kxe7 42. g4 Kf6 43. Kf2 h5 44. Ke2 a6 45. a4 a5 46. Kd3 g6 47. Ke4
Ke6 48. Kd3 Kf6 49. Ke4 1/2-1/2

[Event "London Classic Open 2019"]
[Site "London ENG"]
[Date "2019.12.05"]
[Round "8.59"]
[White "Mugalu, Hassan"]
[Black "Nelson, Omowale"]
[Result "0-1"]
[WhiteElo "1836"]
[BlackElo "1924"]
[WhiteFideId "451533"]
[BlackFideId "7400209"]
[EventDate "2019.11.29"]

1. d4 c6 2. Nf3 d5 3. Bf4 Nf6 4. e3 Bg4 5. Be2 e6 6. Nbd2 Bd6 7. Ne5 Bxe2 8.
Qxe2 O-O 9. O-O c5 10. c3 Qc7 11. h3 Nc6 12. Ndf3 Ne4 13. Bh2 Ne7 14. Rfd1 f6
15. Ng4 Bxh2+ 16. Ngxh2 c4 17. Nd2 Nd6 18. e4 Qd7 19. Re1 Rfe8 20. Qh5 f5 21. e5
Ne4 22. Ndf1 f4 23. Qg4 Nf5 24. Qxf4 Rf8 25. Qc1 Qf7 26. f3 Neg3 27. Qg5 h6 28.
Qg4 Nh5 29. Ne3 Nxe3 30. Rxe3 Nf4 31. Rb1 Qe7 32. Qg3 h5 33. Nf1 Rf5 34. Qh2 h4
35. Kh1 Qg5 36. Ree1 Raf8 37. Ne3 R5f7 38. Ng4 Nh5 39. Rbd1 Ng3+ 40. Kg1 b5 41.
Kf2 Qf5 42. Ne3 Qf4 43. Qg1 a5 44. Nf1 Nh5 45. Ke2 Rf5 46. Rd2 Rg5 47. Qf2 b4
48. Rc1 bxc3 49. Rxc3 Rb8 50. Kd1 a4 51. Ra3 Rb4 52. Ne3 Ng3 53. Nc2 Rxb2 54.
Ne3 Qxd4 55. Rxd4 Rxf2 56. f4 Rg6 57. Rd2 Rxd2+ 58. Kxd2 Ne4+ 59. Ke2 Rg3 60.
Kf1 Kf7 61. Ke2 Kg6 62. Kf1 Kf7 63. Nc2 Rxa3 64. Nxa3 Kg6 65. Nb5 Kf5 66. Nd4+
Kxf4 67. Nxe6+ Kxe5 68. Nxg7 d4 69. Nh5 d3 70. Ke1 c3 71. g3 d2+ 72. Ke2 c2 0-1

[Event "London Classic Open 2019"]
[Site "London ENG"]
[Date "2019.12.05"]
[Round "8.60"]
[White "Phillips, Owen S"]
[Black "Megias, Eva"]
[Result "1/2-1/2"]
[WhiteElo "1902"]
[BlackElo "1586"]
[WhiteFideId "417882"]
[BlackFideId "465062"]
[EventDate "2019.11.29"]

1. Nf3 b6 2. g3 Bb7 3. Bg2 Nc6 4. d4 d5 5. O-O f6 6. Bf4 g5 7. Bxg5 fxg5 8. Nxg5
Qd6 9. Bh3 Bc8 10. Bxc8 Rxc8 11. e4 Qg6 12. exd5 Qxg5 13. dxc6 Nf6 14. Nc3 h5
15. h4 Qf5 16. Qe2 Qh3 17. Qf3 Qg4 18. Qxg4 Nxg4 19. Rae1 Nf6 20. Re5 Rd8 21. d5
Rd6 22. Re6 Rxe6 23. dxe6 Bg7 24. Rd1 O-O 25. Nd5 Nxd5 26. Rxd5 Bf6 27. b3 Kg7
28. Rxh5 Bd4 29. Rd5 Bxf2+ 30. Kg2 Bc5 31. g4 Rf6 32. c3 Rxe6 33. b4 Bd6 34. Kf3
Rf6+ 35. Ke3 e5 36. c4 Bxb4 37. Rd7+ Rf7 38. Ke4 Bd6 39. g5 Kg6 40. h5+ Kg7 41.
g6 Re7 42. Rxe7+ Bxe7 43. Kxe5 Bf6+ 44. Ke6 Bg5 45. Kf5 Bh6 46. Ke6 Bc1 47. Kd7
Bf4 48. Ke6 Bd6 49. Kf5 Bf8 50. Ke6 Kh6 51. Kf7 Bg7 52. Kg8 Be5 53. Kf7 Bd4 54.
Kf8 a5 55. Kf7 Bg7 56. Kg8 1/2-1/2

[Event "London Classic Open 2019"]
[Site "London ENG"]
[Date "2019.12.05"]
[Round "8.61"]
[White "Barasi, Paul Dl"]
[Black "Jukes, Sam"]
[Result "0-1"]
[WhiteElo "1770"]
[BlackElo "1899"]
[WhiteFideId "432830"]
[BlackFideId "1803182"]
[EventDate "2019.11.29"]

1. a3 d5 2. d4 Nf6 3. Nc3 g6 4. Nf3 Bg7 5. Bf4 c6 6. e3 O-O 7. h3 Nbd7 8. Be2
Re8 9. O-O Nf8 10. Ne5 N6d7 11. Ng4 e5 12. Nh6+ Bxh6 13. Bxh6 Ne6 14. dxe5 Qh4
15. Bf4 Nxf4 16. exf4 Qxf4 17. Bd3 Nxe5 18. Ne2 Qh4 19. Ng3 h5 20. Re1 Bd7 21.
Re3 f5 22. Qe2 Nxd3 23. Qxd3 Rxe3 24. Qxe3 f4 25. Qd4 Re8 26. Qb4 Qg5 27. h4 Qg4
28. Nf1 f3 29. Qxg4 Bxg4 30. g3 Re7 31. Ne3 Kf7 32. Rd1 Rxe3 0-1

[Event "London Classic Open 2019"]
[Site "London ENG"]
[Date "2019.12.05"]
[Round "8.62"]
[White "Saravanan, Aadarsh"]
[Black "Hughes, Anthony"]
[Result "0-1"]
[BlackTitle "CM"]
[WhiteElo "1711"]
[BlackElo "1874"]
[WhiteFideId "440078"]
[BlackFideId "1803093"]
[EventDate "2019.11.29"]

1. d4 f5 2. g3 Nf6 3. Bg2 e6 4. Nf3 Be7 5. O-O O-O 6. c4 d6 7. Nc3 Ne4 8. Qc2
Nxc3 9. bxc3 Nc6 10. e4 e5 11. Bb2 Qe8 12. Nd2 f4 13. Qd3 Qh5 14. Bf3 Qg5 15.
Rad1 Rf6 16. h4 Qh6 17. Bg2 g5 18. hxg5 Qxg5 19. Nf3 Qh5 20. Bc1 Rh6 21. Rfe1
Bh3 22. c5 Bxg2 23. Kxg2 Qh3+ 0-1

[Event "London Classic Open 2019"]
[Site "London ENG"]
[Date "2019.12.05"]
[Round "8.63"]
[White "Voiculescu-Holvad, Stefan"]
[Black "Chidichimo, Pedro Jose Maria"]
[Result "1-0"]
[WhiteElo "1614"]
[BlackElo "1831"]
[WhiteFideId "20692005"]
[BlackFideId "24545252"]
[EventDate "2019.11.29"]

1. d4 d5 2. c4 e6 3. Nc3 Nf6 4. Bg5 Nbd7 5. cxd5 exd5 6. e3 c6 7. Bd3 Qa5 8. f3
Bb4 9. Ne2 O-O 10. Bh4 Re8 11. Bf2 c5 12. O-O cxd4 13. exd4 Nf8 14. a3 Bd6 15.
b4 Qd8 16. Qd2 Ng6 17. Bg3 a6 18. Rfe1 Be6 19. Rac1 Rc8 20. Na4 Bxg3 21. Nxg3
Qd6 22. Rxc8 Rxc8 23. Nc5 Nf4 24. Nxb7 Qb6 25. Nc5 Nxd3 26. Qxd3 a5 27. b5 Nd7
28. Nxe6 fxe6 29. Qe3 Kf7 30. a4 Rc4 31. Nf5 g6 32. Nh6+ Kg7 33. Ng4 Qxd4 34.
Qxd4+ Rxd4 35. Rxe6 Nc5 36. Re7+ Kg8 37. Nf6+ Kf8 38. Rxh7 Nxa4 39. Ra7 Nb6 40.
Rxa5 Kf7 41. Ra6 Nc4 42. b6 Nd6 43. Ng4 Rb4 44. Ne5+ Kf6 45. Nd3 Rb1+ 46. Kf2
Ke7 47. Nc5 Rb2+ 48. Kf1 Rb1+ 49. Ke2 Rb2+ 50. Kd3 Rxg2 51. b7 Rb2 52. Ra7 Kd8
53. b8=Q+ Rxb8 54. Rd7+ Ke8 55. Rxd6 Kf7 56. Rxd5 Rb2 57. h4 Rh2 58. Rd4 Kg7 59.
Rg4 Kh6 60. Ne6 Rh3 61. Ke4 Rh2 62. Ke3 Kh5 63. Nf4+ Kh6 64. Rxg6+ Kh7 65. Rg4 1-0

[Event "London Classic Open 2019"]
[Site "London ENG"]
[Date "2019.12.05"]
[Round "8.64"]
[White "Tombolis, Christopher"]
[Black "Lim, Kai Jun"]
[Result "0-1"]
[WhiteElo "1824"]
[BlackElo "1356"]
[WhiteFideId "433691"]
[BlackFideId "5819296"]
[EventDate "2019.11.29"]

1. d4 Nf6 2. c4 g6 3. Nc3 Bg7 4. e4 d6 5. Nf3 Nbd7 6. Be2 O-O 7. O-O e5 8. Be3
Qe7 9. d5 Ne8 10. Ne1 f5 11. f3 f4 12. Bf2 g5 13. Rc1 h5 14. b4 Rf6 15. c5 Rg6
16. cxd6 cxd6 17. Nb5 Ndf6 18. Nxa7 Bd7 19. Nc6 bxc6 20. dxc6 Be6 21. Bc4 Nc7
22. a4 d5 23. exd5 Bxd5 24. b5 Rd8 25. Qc2 Kh7 26. b6 e4 27. bxc7 Qxc7 28. Bxd5
Nxd5 29. fxe4 Nb4 30. Qc4 Rxc6 31. Qxb4 Rxc1 32. a5 Rdd1 33. Qb5 Bc3 34. Qf5+
Kh6 35. Bc5 Qxc5+ 36. Qxc5 Bd4+ 37. Qxd4 Rxd4 38. e5 Rc5 39. Nf3 Ra4 40. Rd1 g4
41. Rd6+ Kg7 42. Rd7+ Kg6 43. Nh4+ Kg5 44. g3 Ra1+ 45. Kf2 Rc2+ 0-1

[Event "London Classic Open 2019"]
[Site "London ENG"]
[Date "2019.12.05"]
[Round "8.65"]
[White "Kumar, Sanjit S"]
[Black "Drastik, Penelope"]
[Result "1/2-1/2"]
[WhiteElo "1469"]
[BlackElo "1759"]
[WhiteFideId "468142"]
[BlackFideId "3214850"]
[EventDate "2019.11.29"]

1. e4 c5 2. Nf3 d6 3. d4 cxd4 4. Nxd4 Nf6 5. Nc3 g6 6. Be3 Bg7 7. f3 Nc6 8. Qd2
O-O 9. g4 Bxg4 10. fxg4 Nxg4 11. Nxc6 bxc6 12. Be2 Ne5 13. Bh6 Qb6 14. Na4 Bxh6
15. Qxh6 Qb4+ 16. Nc3 Qxb2 17. Kd2 d5 18. Rab1 Qa3 19. Rb3 Qa5 20. exd5 Rad8 21.
Qe3 Rxd5+ 22. Kc1 Rd7 23. Rd1 Rxd1+ 24. Nxd1 Qc7 25. Qc5 Rd8 26. Rc3 e6 27. Ra3
Rd7 28. Ne3 Kg7 29. Qc3 f6 30. Bg4 Nxg4 31. Nxg4 Qf4+ 32. Ne3 Qxh2 33. Qxc6 Qd2+
34. Kb1 Kf7 35. Ra6 Qb4+ 36. Kc1 Qe1+ 37. Kb2 Qb4+ 38. Kc1 Qe1+ 1/2-1/2

[Event "London Classic Open 2019"]
[Site "London ENG"]
[Date "2019.12.05"]
[Round "8.66"]
[White "Chilton, James I"]
[Black "Rahman, Yad"]
[Result "1-0"]
[WhiteElo "1711"]
[BlackElo "1303"]
[WhiteFideId "423009"]
[BlackFideId "467626"]
[EventDate "2019.11.29"]

1. e4 e6 2. d4 d5 3. Nc3 Bb4 4. e5 Ne7 5. a3 Bxc3+ 6. bxc3 c5 7. Qg4 Qc7 8. Qxg7
Rg8 9. Qxh7 cxd4 10. Ne2 Nbc6 11. f4 Bd7 12. Bd2 dxc3 13. Bxc3 Rc8 14. Rd1 a5
15. g3 Na7 16. Bd4 Nb5 17. c3 Nxa3 18. Bg2 Nc4 19. O-O Bb5 20. Bf3 a4 21. f5
exf5 22. Bxd5 Rf8 23. Nf4 Nxd5 24. Nxd5 Qc6 25. Qxf5 Nb2 26. Nf6+ Ke7 27. Qg5
Ke6 28. Nd7 Kxd7 29. Bc5+ Kc7 30. Bd6+ Kb6 31. Qe3+ Ka6 32. Bb8 Rxb8 33. Rd6
Qxd6 34. exd6 Bxf1 35. Kxf1 a3 36. Qc5 Nd3 37. Qc4+ Kb6 38. Qxd3 a2 39. Qd4+ Kc6
40. Qc4+ Kxd6 41. Qxa2 Ra8 42. Qb3 Ra7 43. Qb4+ 1-0

[Event "London Classic Open 2019"]
[Site "London ENG"]
[Date "2019.12.05"]
[Round "8.67"]
[White "Jekel, Wolfgang"]
[Black "Volovich, Julia"]
[Result "1/2-1/2"]
[WhiteElo "1662"]
[BlackElo "1753"]
[WhiteFideId "4690370"]
[BlackFideId "447099"]
[EventDate "2019.11.29"]

1. f4 Nf6 2. Nf3 g6 3. g3 Bg7 4. Bg2 O-O 5. O-O d5 6. d3 c5 7. c3 Nc6 8. Na3 b6
9. Ne5 Bb7 10. Nc2 Qc7 11. Ne1 Nxe5 12. fxe5 Qxe5 13. Bf4 Qe6 14. Nf3 Qc8 15.
Qd2 Nh5 16. Bh6 Nf6 17. Rac1 Re8 18. Bxg7 Kxg7 19. Ne5 Rf8 20. Qg5 Qc7 21. d4
Ne4 22. Qh4 Ba6 23. Rxf7+ Rxf7 24. Nxf7 Rf8 25. Bxe4 Rxf7 26. Bxd5 Rf6 27. Bf3
Bb7 28. Rf1 Bxf3 29. Rxf3 Qc6 30. Rxf6 exf6 31. Qf4 cxd4 32. Qxd4 Qe6 33. e4
Qxa2 34. Qb4 Qf7 35. b3 Qc7 36. Qd4 Kf7 37. Kg2 a5 38. c4 Ke7 39. Kf3 Kf7 40.
Qd5+ Ke7 41. h4 Kf8 42. g4 h6 43. Qe6 Kg7 44. h5 Qd8 45. Qd5 Qc7 46. hxg6 Kxg6
47. Qg8+ Qg7 48. Qb8 Qd7 49. Qxb6 Qd1+ 50. Kg3 Qd3+ 51. Kf4 Qf1+ 52. Kg3 Qd3+
53. Kh4 Qe2 1/2-1/2

[Event "London Classic Open 2019"]
[Site "London ENG"]
[Date "2019.12.05"]
[Round "8.68"]
[White "Nergard, Ole-Kristian"]
[Black "Bansal, Saahil"]
[Result "0-1"]
[WhiteElo "1639"]
[BlackElo "1751"]
[WhiteFideId "1543156"]
[BlackFideId "438316"]
[EventDate "2019.11.29"]

1. e4 e6 2. d4 d5 3. Nd2 dxe4 4. Nxe4 Nd7 5. Nf3 Be7 6. Bd3 Ngf6 7. Ng3 O-O 8.
O-O b6 9. Qe2 Bb7 10. Ne5 c5 11. Nxd7 Qxd7 12. dxc5 Bxc5 13. Nh5 Qd5 14. Nxf6+
gxf6 15. Qg4+ Kh8 16. Qh3 Qxg2+ 17. Qxg2 Rg8 0-1

[Event "London Classic Open 2019"]
[Site "London ENG"]
[Date "2019.12.05"]
[Round "8.69"]
[White "Mohnblatt, Daniel"]
[Black "Cotter, Len"]
[Result "1-0"]
[WhiteElo "1688"]
[BlackElo "1665"]
[WhiteFideId "648582"]
[BlackFideId "431419"]
[EventDate "2019.11.29"]

1. d4 e6 2. Nf3 d5 3. c4 c6 4. e3 f5 5. Nc3 Nf6 6. Be2 Bd6 7. Ne5 O-O 8. O-O Bd7
9. b3 Be8 10. f4 Nbd7 11. Bd2 Rc8 12. Be1 Ne4 13. Nxe4 fxe4 14. Bg3 Nf6 15. Bh4
Be7 16. Qe1 c5 17. Kh1 cxd4 18. exd4 Nh5 19. Bxe7 Qxe7 20. Bxh5 Bxh5 21. g4 Be8
22. Qg3 dxc4 23. bxc4 Bc6 24. Qe3 b6 25. Rac1 Ba8 26. Rc2 b5 27. c5 a5 28. c6
Qd6 29. Rfc1 Rfd8 30. c7 Re8 31. Rc5 Re7 32. Qc3 b4 33. Qc4 Bd5 34. Qb5 e3+ 35.
Kg1 Bxa2 36. d5 exd5 37. Rc6 Bc4 38. R1xc4 e2 39. Rc1 Rexc7 40. Rxc7 e1=Q+ 41.
Rxe1 Qxc7 42. Qxd5+ Kh8 43. Nf7+ Kg8 44. Nd6+ Kf8 45. Qf5+ 1-0

[Event "London Classic Open 2019"]
[Site "London ENG"]
[Date "2019.12.06"]
[Round "9.3"]
[White "Gormally, Daniel W"]
[Black "Aravindh, Chithambaram VR."]
[Result "1/2-1/2"]
[WhiteTitle "GM"]
[BlackTitle "GM"]
[WhiteElo "2491"]
[BlackElo "2605"]
[WhiteFideId "406465"]
[BlackFideId "5072786"]
[EventDate "2019.11.29"]

1. d4 d5 2. c4 e6 3. Nc3 a6 4. e3 Nf6 5. Nf3 dxc4 6. a4 c5 7. Bxc4 b6 8. O-O Bb7
9. Qe2 Be7 10. dxc5 Bxc5 11. e4 Nbd7 12. Bf4 h6 13. Rad1 g5 14. Bd6 Bxd6 15.
Rxd6 Qc7 16. Rfd1 g4 17. Nh4 Ne5 18. Bxe6 fxe6 19. Rxe6+ Kf7 20. Rdd6 Nxe4 21.
Nxe4 Bxe4 22. Rf6+ Kg8 23. f4 Qc4 24. Qxc4+ Nxc4 25. Rd4 Kg7 26. Re6 Rhe8 27.
Rdxe4 Rxe6 28. Rxe6 Nxb2 29. Nf5+ Kf7 30. Rxb6 Nxa4 31. Rxh6 Nc3 32. Rc6 Ne2+
33. Kf2 Nxf4 34. Kg3 Ne2+ 35. Kf2 Nf4 36. Kg3 Ne6 37. Nh6+ Ke7 38. Nf5+ Kf7 39.
Nh6+ Ke7 40. Nf5+ 1/2-1/2